| 000 | 00653cam a2200205 04500 | ||
|---|---|---|---|
| 001 | 1296 | ||
| 005 | 20161204183409.0 | ||
| 021 |
_aPT _b1651/83 |
||
| 035 | _a(bn)25558 | ||
| 090 | _a1296 | ||
| 100 | _a19840201d1984 m y0pory5003 ba | ||
| 200 | 1 |
_aVem e segue-me _ecatequese de jovens _fSecretariado Nacional da Educação Cristã, Departamento da Juventude |
|
| 210 |
_aLisboa _cS.N.E.C., _d[D.L. 1984] |
||
| 215 |
_av. _cil. _d21 cm |
||
| 600 | _aSecretariado Nacional da Educação Cristã | ||
| 601 | _aS.N.E.C., | ||
| 675 |
_a268 _vmed _zpor |
||
| 710 | 0 | 2 |
_aSecretariado Nacional da Educação Cristã. _bDepartamento da Juventude |
| 801 | 0 |
_aPT _bBN _gRPC |
|
| 942 | _cBK | ||